000 00291nam a2200121Ia 4500
008 190216s9999||||xx |||||||||||||| ||und||
100 _aCheyan. Dr.
245 0 _aHindi- Thiruvalluvar Atthi Choodi
260 _bMayilai Thiruvalluvar
_c2002
300 _a144
650 _aHindi
942 _cBK
999 _c16146
_d16146